| 000 | 00360nam a22001457a 4500 | ||
|---|---|---|---|
| 005 | 20250708153314.0 | ||
| 008 | 250708b |||||||| |||| 00| 0 eng d | ||
| 020 | _a9780853647430 | ||
| 050 |
_aBS2440 _bBAR |
||
| 100 | _aC.K. BARRETT | ||
| 245 | _aTHE SIGNS OF AN APOSTLE | ||
| 260 |
_aLONDON _bPATERNOSTER PRESS _cc1970 |
||
| 300 | _a144p | ||
| 942 |
_2lcc _cBK _n0 |
||
| 999 |
_c6871 _d6871 |
||